More Japanese Kanji 7 - Statistics

General Stats
  • This quiz has been taken 341 times
    340 since last reset
  • The average score is 41 of 107
Answer Stats
Hint Answer % Correct
love, romance, miss
72%
complete, finish
63%
huge, gigantic
62%
spicy, hot, strict
59%
zero, nothing, spill, overflow
57%
floor, bed
56%
bomb, burst
55%
shout, yell, scream
55%
boat, ship
54%
sack, bag
54%
smell, incense, perfume
54%
dry, drought, heaven
53%
small animal (counter), equal
53%
touch, contact
53%
pair, set, twin
52%
shake, quake, tremble
52%
dance, jump
51%
shoulder
51%
sweat, perspire
51%
Europe
50%
stay (overnight), shelter, lodge
50%
tears
50%
arm, ability, talent
49%
cap, hat
49%
super, extreme, transcend
49%
tin can, container
48%
fortune-telling, divination, predict, occupy, hold
47%
pray, wish
47%
soft, tender
47%
sweep, brush
47%
cloudy
46%
exchange, substitute, spare
46%
freeze, refrigerate
45%
rare, strange, curious
45%
refreshing, cool
45%
blossom, bloom
44%
gulf, bay
43%
interchange, replace, period
43%
skin, texture
43%
surname
43%
thick, concentrated, dark
43%
dilute, thin, weaken
42%
pot, jar, jug, vial
42%
solid, hard
42%
bury, fill
41%
mud, mire
41%
paint, plaster, coat, spread
41%
sell, trade, marketing
41%
tower, pagoda
41%
rise, ascend, go up
40%
seduce, call, eat, drink, summon, wear
40%
sink, submerge
40%
candy, cake, fruit
39%
dig, excavate
39%
reside, stop, park
39%
thorn, sting, stab, pierce
39%
hips, loins, waist
38%
search, look for
38%
brush (teeth), grind, polish
37%
contain, include, hold, implication
37%
tracks, prints, trace, mark
37%
intelligent, wise
36%
laundry, wash
35%
present, gift, send, give
35%
湿 damp, moist, wet
34%
boil, seethe, heat
33%
extend, stretch
33%
soft, tender
33%
tatami mat (counter), fold
33%
condition, situation
32%
corner, nook
32%
drop, drip
32%
fat, grease, tar
32%
consume, eat, drink, smoke
30%
cover, veil, incur, wear
30%
employ, hire
30%
livestock, domestic animal
30%
melt, dissolve
30%
trouble, worry, distress
30%
dry up, parch, frolic
29%
grain, drop, tiny particle (counter)
29%
heal, cure
29%
殿 mansion, palace, lord, gentleman, mr.
29%
disease, ill, suffer
28%
introduce, present
28%
seal, close
28%
sharp, edge, pointed
28%
wild, rough, violent, devastate, lay waste
28%
wither, die, dry up
28%
house (counter), flat, eaves
26%
width, breadth
26%
dull, blunt, slow
25%
skin, texture
25%
concern, mediate, shellfish
24%
hate, detest
24%
lean, incline, slope, trend, sink
24%
rely, depend on, consequently, therefore
24%
recruit, enlist, gather
23%
call, ask, inquire, visit, pay respect
22%
cylinder, pipe, tube, sleeve, gun barrel
22%
agree, consent
20%
ship (counter), vessel
20%
suburb, outskirt, rural
20%
sign, mark, token, tally, charm
18%
enroll, membership, register
16%
hold between, pinch, insert, sandwich
15%
link, twine, coil, entangle, get caught
15%
No matching quizzes found
Score Distribution
Percent of People with Each Score
Percentile by Number Answered
Your Score History
You have not taken this quiz since the last reset